Solicitor's negligence (Record no. 70473)
[ view plain ]
| 000 -LEADER | |
|---|---|
| fixed length control field | 01676cam a2200265 4500 |
| 001 - CONTROL NUMBER | |
| control field | WB3821-17 |
| 008 - FIXED-LENGTH DATA ELEMENTS--GENERAL INFORMATION | |
| fixed length control field | 020612n2002 000 0 eng u |
| 035 ## - SYSTEM CONTROL NUMBER | |
| System control number | (Sirsi) u118392 |
| 245 ## - TITLE STATEMENT | |
| Title | Solicitor's negligence |
| 260 ## - PUBLICATION, DISTRIBUTION, ETC. | |
| Date of publication, distribution, etc. | 2002 |
| 490 ## - SERIES STATEMENT | |
| Series statement | Estates Gazette |
| Volume/sequential designation | [2002] 23 EG 119 (CS) (8/6/02) |
| 520 ## - SUMMARY, ETC. | |
| Summary, etc. | "Fairbrother and another v Gabb and Co" CA, 23 May 2002. Appellants' (F) landlord was not opposed to the grant of a new tenancy on the termination of their existing lease. Respondent (G), a firm of solicitors failed to give F the correct advice as to the application date for the new tenancy. Lease negotiations broke down in particular over F's request for a break clause and F sought new premises. F brought negligence proceedings against G which G admitted. Dismissed: the dominant causation of the failure to agree the new lease was F's intransigence G's negligence was not considered.. On appeal F contended that causation had been established by the 'but for' test and intransigence was not provable. "Held" F's appeal allowed. 'But for' test necessary but not sufficient to prove causation and no case for intransigence. Negligence to be treated as an effective cause of loss would depend upon the circumstances of the case. |
| 590 ## - LOCAL NOTE (RLIN) | |
| Local note | WB |
| 650 ## - SUBJECT ADDED ENTRY--TOPICAL TERM | |
| Topical term or geographic name entry element | BREAK CLAUSES |
| 650 ## - SUBJECT ADDED ENTRY--TOPICAL TERM | |
| Topical term or geographic name entry element | BUT FOR TEST |
| 650 ## - SUBJECT ADDED ENTRY--TOPICAL TERM | |
| Topical term or geographic name entry element | PROFESSIONAL NEGLIGENCE |
| 650 ## - SUBJECT ADDED ENTRY--TOPICAL TERM | |
| Topical term or geographic name entry element | CAUSATION |
| 650 ## - SUBJECT ADDED ENTRY--TOPICAL TERM | |
| Topical term or geographic name entry element | BUSINESS TENANCIES |
| 650 ## - SUBJECT ADDED ENTRY--TOPICAL TERM | |
| Topical term or geographic name entry element | SECTION 25 NOTICES |
| 650 ## - SUBJECT ADDED ENTRY--TOPICAL TERM | |
| Topical term or geographic name entry element | GALOO V BRIGHT GRAHAME MURRAY |
| 650 ## - SUBJECT ADDED ENTRY--TOPICAL TERM | |
| Topical term or geographic name entry element | FAIRBROTHER AND ANOTHER V GABB AND CO |
| 650 ## - SUBJECT ADDED ENTRY--TOPICAL TERM | |
| Topical term or geographic name entry element | LANDLORD AND TENANT ACT 1954 S25 |
| 690 ## - LOCAL SUBJECT ADDED ENTRY--TOPICAL TERM (OCLC, RLIN) | |
| Topical term or geographic name as entry element | PROFESSIONAL PRACTICE-NEGLIGENCE-CASE LAW |
| 942 ## - ADDED ENTRY ELEMENTS (KOHA) | |
| Suppress in OPAC | 0 |
| Withdrawn status | Lost status | Source of classification or shelving scheme | Damaged status | Not for loan | Home library | Current library | Shelving location | Date acquired | Total Checkouts | Full call number | Barcode | Date last seen | Copy number | Price effective from | Koha item type |
|---|---|---|---|---|---|---|---|---|---|---|---|---|---|---|---|
| Dewey Decimal Classification | London | London | News article | 12/06/2002 | WB3821-17 | 118392-1001 | 06/08/2019 | 1 | 06/08/2019 | News article |